000 00558nam a2200181Ia 4500
008 090124s9999 xx 000 0 und d
082 _b111515
100 _aअदवंत म. ना.
245 _a महाराष्ट्र लक्ष्मी
250 _a1
260 _c1966
300 _a134
600 _aअदवंत म. ना.
630 _a महाराष्ट्र लक्ष्मी
700 _aअदवंत म. ना.
730 _a महाराष्ट्र लक्ष्मी
942 _cBOOK
999 _c157606
_d157606